Movies Quiz

Random Movies or Disney Quiz

Figure out the disney lyrics vol 8 Quiz Stats

 Plays Quiz not verified by Sporcle

Also try: Over/Under: Movies
Challenge
Share
Tweet
Embed
Score 0/244 Timer 15:00
0 Plays Today
Answer % Correct
the
98.1%
The
98.1%
and
98.1%
and
98.1%
the
98.1%
in
96.9%
on
96.9%
you
96.3%
you
96.3%
you
96.3%
You
96.3%
you
96.3%
what
96.3%
of
96.3%
it
95%
I
95%
I
95%
I
95%
and
93.8%
be
92.5%
What
91.9%
do
91.9%
of
91.9%
of
91.9%
where
90.6%
if
90.6%
i
90.6%
would
90%
would
90%
what's
90%
what's
90%
at
89.4%
I'm
89.4%
at
89.4%
can
89.4%
day
89.4%
this
88.8%
this
88.8%
down
88.8%
Up
88.8%
where
88.8%
up
88.8%
where
88.8%
up
88.8%
where
88.8%
wish
88.8%
i
88.8%
could
88.8%
i
88.8%
it
88.8%
wish
88.8%
i
88.8%
could
88.8%
world.
88.1%
spend
88.1%
fire
88.1%
questions
88.1%
does
88.1%
wouldn't
88.1%
who
87.5%
who
87.5%
are.
87.5%
to
87.5%
one
86.9%
No
86.9%
fins
86.9%
you
86.9%
what
86.9%
what
86.9%
that
86.9%
stand
86.9%
know
86.9%
the
86.9%
and
86.9%
part
86.3%
a
86.3%
love
86.3%
part
86.3%
world
85.7%
How
85.6%
see,
85.6%
see
85.6%
Answer % Correct
them
85.6%
them?
85.6%
get
85.6%
What's
85.6%
out
85.6%
out
85.6%
give
85%
them
85%
has
84.4%
I've
84.4%
I've
84.4%
I've
84.4%
be
84.4%
i
84.4%
be
84.4%
Look
83.8%
think
83.8%
think
83.8%
girl,
83.8%
girl
83.8%
Look
83.8%
think
83.8%
a
83.8%
waters?
83.8%
Ready
83.8%
ready
83.8%
want
83.1%
want
83.1%
Flipping
83.1%
that
83.1%
sick
83.1%
that
83.1%
got
82.5%
got
82.5%
got
82.5%
got
82.5%
Legs
82.5%
the
82.5%
pay
82.5%
they
82.5%
people
82.5%
the
82.5%
when's
82.5%
don't
81.9%
walk,
81.9%
it...
81.9%
collections
81.4%
everything?
81.3%
everything.
81.3%
all
81.3%
the
81.3%
on
80.6%
of
80.6%
understand
80.6%
And
80.6%
a
80.6%
the
80.6%
isn't
80%
Wouldn't
80%
Wouldn't
80%
people
80%
warm
80%
Betcha'
80%
more
79.4%
required
79.4%
run,
79.4%
on
79.4%
land
79.4%
get
79.4%
But
78.8%
your
78.8%
street!
78.8%
they
78.8%
stay
78.8%
could
78.8%
to
78.8%
to
78.8%
why
78.8%
explore
78.8%
stuff,
78.1%
neat?
78.1%
that
78.1%
Answer % Correct
of
78.1%
i
77.5%
call
76.9%
Oh
76.9%
too
76.9%
they
76.9%
they
76.3%
around
75.6%
around
75.6%
are
75.6%
complete?
75%
cares?
75%
for
75%
don't
75%
to
75%
treasures
74.4%
many
74.4%
twenty!
74.4%
wanna
74.4%
wanna
74.4%
wanna
74.4%
live
74.4%
my
74.4%
answers
74.4%
my
74.4%
shore
74.4%
sea
74.4%
she's
73.8%
Walking
73.8%
far.
73.8%
up
73.8%
hold?
73.1%
gadgets
73.1%
gizmos
73.1%
dancin'
73.1%
here
72.5%
galore.
72.5%
those
72.5%
reprimand
72.5%
their
72.5%
know.
72.5%
untold
71.9%
thingamabobs?
71.9%
feet!
71.9%
free,
71.9%
they
71.9%
some
71.9%
word?
71.9%
turn?
71.9%
day
71.3%
swimmin'
71.3%
cavern
70.6%
a-plenty
70.6%
that
70.6%
above?
70.6%
Sure,
70%
jumping,
70%
word
70%
big
69.4%
these
69.4%
wonders
68.8%
deal.
68.8%
dancing,
68.8%
Burn!
68.8%
my
68.1%
Looking
68.1%
along
68.1%
trove,
67.5%
whozits
67.5%
women
67.5%
again?
66.9%
sun.
66.9%
ask
66.3%
whatzits
65.6%
sand?
65.6%
young
65.6%
daughters.
64.4%
strolling
63.8%
bright
63.8%
wanderin'
61.9%

You're not logged in!

Compare scores with friends on all Sporcle quizzes.
Join for Free
OR
Log In

You Might Also Like...

Show Comments

Extras

Created Apr 29, 2014ReportNominate
Tags:Disney Quiz, vol

Top Quizzes Today


Score Distribution

Your Account Isn't Verified!

In order to create a playlist on Sporcle, you need to verify the email address you used during registration. Go to your Sporcle Settings to finish the process.

Report this User

Report this user for behavior that violates our Community Guidelines.

Details: